Statistics for Italian Association Football Champions

Click here to take the quiz!

General Stats

  • This quiz has been taken 179 times
  • The average score is 102 of 114

Answer Stats

SeasonChampion% Correct
1901 | 1906 | 1907 | +15 othersAC Milan
100%
1929-1930 | 1937-1938 | 1939-1940Ambrosiana-Inter
100%
1909-1910 | 1919-1920 | 1952-1953 | +12 othersInternazionale
100%
1905 | 1925-1926 | 1930-1931 | +31 othersJuventus
100%
1941-1942 | 1982-1983 | 2000-2001Roma
98%
1973-1974 | 1999-2000Lazio
97%
1986-1987 | 1989-1990Napoli
95%
1927-1928 | 1942-1943 | 1945-1946 | +4 othersTorino
89%
1955-1956 | 1968-1969Fiorentina
83%
1990-1991Sampdoria
83%
1898 | 1899 | 1900 | +6 othersGenoa
77%
1924-1925 | 1928-1929 | 1935-1936 | +4 othersBologna
73%
1969-1970Cagliari
64%
1984-1985Hellas Verona
61%
1908 | 1909 | 1910-1911 | +4 othersPro Vercelli
39%
1913-1914Casale
26%
1921-1922 (F.I.G.C.)Novese
18%

Score Distribution

Percentile by Number Answered

Percent of People with Each Score

Your Score History

You have not taken this quiz